Vizualizácia a analýza dát v malých a stredných podnikoch bakalárska práca

Guardado en:
Detalles Bibliográficos
Autor principal: Kuzomko, Anna Anhelina
Autor Corporativo: Fakulta podnikového manažmentu EU. Katedra informačného manažmentu
Otros Autores: Filanová, Jana, 1967-
Formato: Libro
Lenguaje:eslovaco
Publicado: Bratislava 2024
Etiquetas: Agregar Etiqueta
Sin Etiquetas, Sea el primero en etiquetar este registro!

MARC

LEADER 00000nbm a2200000 4500
001 0301834
005 20250225084444.8
041 0 |a slo 
044 |a SK 
245 1 0 |a Vizualizácia a analýza dát v malých a stredných podnikoch  |b bakalárska práca  |c Anna Anhelina Kuzomko ; školiteľ: Jana Filanová 
264 1 |a Bratislava  |c 2024 
300 |a 56 s. 
100 1 |a Kuzomko, Anna Anhelina 
700 1 |a Filanová, Jana, 1967- 
710 2 |a Fakulta podnikového manažmentu EU. Katedra informačného manažmentu